MARC

Tag First Indicator Second Indicator Subfields
LEADER 00000cam a2200000 a 4500
001 in00005758321
005 20260326212533.4
006 m o d
007 cr |n|||||||||
008 141206s1972 nyu ob 001 0 eng d
040 |a EBLCP  |b eng  |e pn  |c EBLCP  |d OCLCQ  |d IDEBK  |d N$T  |d OCLCE  |d OCLCF  |d OPELS  |d E7B  |d DEBSZ  |d OCLCQ  |d YDXCP  |d OCLCQ  |d MERUC  |d OCLCQ  |d UKAHL  |d OCLCQ  |d VLY  |d OCLCO  |d OCLCQ  |d OCLCO  |d OCLCL  |d OCLCQ  |d OCLCL  |d OCLCQ 
019 |a 610299617  |a 974618075  |a 974669531  |a 1100866436 
020 |a 9781483276335  |q (electronic bk.) 
020 |a 1483276333  |q (electronic bk.) 
020 |a 9780125750509 
020 |a 0125750501 
020 |a 9781322470726 
020 |a 1322470723 
035 |a (OCoLC)897646936  |z (OCoLC)610299617  |z (OCoLC)974618075  |z (OCoLC)974669531  |z (OCoLC)1100866436 
042 |a dlr 
050 4 |a HB172 
072 7 |a BUS  |x 070000  |2 bisacsh 
082 0 4 |a 338.5  |2 23 
049 |a TXAM 
100 1 |a Rader, Trout,  |d 1938-  |1 https://id.oclc.org/worldcat/entity/E39PBJdmmD8gHvbJPWvDMvhj4q 
245 1 0 |a Theory of microeconomics /  |c Trout Rader. 
260 |a New York :  |b Academic Press,  |c ©1972. 
300 |a 1 online resource 
336 |a text  |b txt  |2 rdacontent 
337 |a computer  |b c  |2 rdamedia 
338 |a online resource  |b cr  |2 rdacarrier 
504 |a Includes bibliographical references and indexes. 
588 0 |a Print version record. 
538 |a Master and use copy. Digital master created according to Benchmark for Faithful Digital Reproductions of Monographs and Serials, Version 1. Digital Library Federation, December 2002.  |u http://purl.oclc.org/DLF/benchrepro0212  |5 MiAaHDL 
583 1 |a digitized  |c 2010  |h HathiTrust Digital Library  |l committed to preserve  |2 pda  |5 MiAaHDL 
505 8 |a 1. Axiomatic Method2. The Definitions of Economics and Its Relationship to Resource Allocation and Classical Mechanics; 3. Some General Considerations on Orderings; 4. Commodity Spaces; 5. Statical Analysis under Parametric Behavior; 6. A Caveat on Time in Economies; 7. Games and Conflict; PART II: PRODUCTION; Chapter 4. Production; 1. The Production Correspondence; 2. Laws of Combination in Production Transformation; 3. Laws of Returns in Production Transformations; 4. Production Functions; 5. Interindustry Production; 6. Producer Efficiency; PART III: CONSUMPTION; Chapter 5. Preferences 
505 8 |a 1. Relationship and Choice2. Properties on Preferences; 3. Optimization: Some Formalisms and Extensions; 4. Construction of Partial Orderings from Orderings; Chapter 6. Utility; 1. Regular Utility Functions; 2. Continuous Utility Functions; 3. Utility for Partial Orderings; 4. Additive Utility; 5. Preferences over Time; 6. Concave Utility Functions; 7. Differentiable Utility; 8. Utility Equal to the Integral of Its Derivative; 9. A Digression on Utility and Biology; Chapter 7. Probability; 1. Qualitative Probabilities; 2. Derivation of Probability Measures; 3. Splitting and Nonatomicity 
505 8 |a 4. Conditional Probability: Bayes' RuleChapter 8. Consumer Demand; 1. Introduction; 2. Separable Preferences; 3. Income and Substitution Effects; 4. Explicit Solutions; 5. Independent Preferences; 6. Concavity Properties of Additive Utility; 7. Consumer Surplus; PART IV: TRADE; Chapter 9. Exchange; 1. Production and Preferences; 2. Properties of Preferences on Trades; 3. A Characterization of Economies: The Principle of Equivalence; 4. Trade Efficiency; 5. Consumer Efficiency; Chapter 10. Market Organization; 1. The Degree of Monopoly Power; 2. Two-Person Bargaining Games 
505 8 |a 3. The Division of Profits4. Factor Demands of the Industry; 5. Factor Proportions; 6. Elasticities of Demand for Factors; 7. Comparative Statics with Imperfect Competition; Chapter 11. Money and Assets; 1. The Future and Futures Markets; 2. The Demand for Money; 3. Evaluation of Assets under Certainty; 4. Uncertainty with Small Numbers of Independent Assets; 5. Uncertainty with Large Numbers of Independent Assets; References; Author Index; Subject Index 
650 0 |a Microeconomics. 
650 0 |a Economics, Mathematical. 
650 6 |a Microéconomie. 
650 7 |a BUSINESS & ECONOMICS  |x Economics  |x General.  |2 bisacsh 
650 7 |a BUSINESS & ECONOMICS  |x Reference.  |2 bisacsh 
650 7 |a BUSINESS & ECONOMICS  |x Industries  |x General.  |2 bisacsh 
650 7 |a Economics, Mathematical  |2 fast 
650 7 |a Microeconomics  |2 fast 
655 7 |a Electronic books.  |2 local 
710 2 |a ScienceDirect (Online service) 
758 |i has work:  |a Theory of microeconomics (Text)  |1 https://id.oclc.org/worldcat/entity/E39PCFWwH79TT3JppGHYDHcvRC  |4 https://id.oclc.org/worldcat/ontology/hasWork 
776 0 8 |i Print version:  |a Rader, Trout.  |t Theory of Microeconomics.  |d Burlington : Elsevier Science, ©2014  |z 9780125750509 
856 4 0 |u http://proxy.library.tamu.edu/login?url=https://www.sciencedirect.com/science/book/9780125750509  |z Connect to the full text of this electronic book  |t 0 
955 |a Elsevier ScienceDirect 2026-2027 
994 |a 92  |b TXA 
999 f f |i eee5f325-a2ad-4894-a951-7f6463e8b743  |s 026025fa-b365-4b4f-9543-bd91a9af4c94  |t 0 
952 f f |a Texas A&M University  |b College Station  |c Electronic Resources  |s www_evans  |d Available Online  |t 0  |e HB172   |h Library of Congress classification 
998 f f |a HB172   |t 0  |l Available Online